Eddington's search for a fundamental theory : (Record no. 8668)

MARC details
000 -LEADER
fixed length control field 00866pam a2200229 a 4500
001 - CONTROL NUMBER
control field 1123546
003 - CONTROL NUMBER IDENTIFIER
control field OSt
005 - DATE AND TIME OF LATEST TRANSACTION
control field 20240620122159.0
008 - FIXED-LENGTH DATA ELEMENTS--GENERAL INFORMATION
fixed length control field 940311s1994 enka b 001 0 eng
020 ## - INTERNATIONAL STANDARD BOOK NUMBER
International Standard Book Number 0521371651
040 ## - CATALOGING SOURCE
Original cataloging agency MUST
Transcribing agency MUST
082 00 - DEWEY DECIMAL CLASSIFICATION NUMBER
Classification number 539.754 KIL 1994
Edition number 19
100 1# - MAIN ENTRY--PERSONAL NAME
Personal name Kilmister, C. W.
Fuller form of name (Clive William)
9 (RLIN) 17525
245 10 - TITLE STATEMENT
Title Eddington's search for a fundamental theory :
Remainder of title a key to the universe /
Statement of responsibility, etc. C.W. Kilmister.
260 ## - PUBLICATION, DISTRIBUTION, ETC. (IMPRINT)
Place of publication, distribution, etc. Cambridge ;
-- New York :
Name of publisher, distributor, etc. Cambridge University Press,
Date of publication, distribution, etc. 1994.
300 ## - PHYSICAL DESCRIPTION
Extent xii, 256 p. :
Other physical details ill. ;
Dimensions 24 cm.
504 ## - BIBLIOGRAPHY, ETC. NOTE
Bibliography, etc Includes bibliographical references and index.
650 #0 - SUBJECT ADDED ENTRY--TOPICAL TERM
Topical term or geographic name as entry element Physics
General subdivision Philosophy
-- History.
9 (RLIN) 17526
650 #0 - SUBJECT ADDED ENTRY--TOPICAL TERM
Topical term or geographic name as entry element Mathematical physics
General subdivision History.
9 (RLIN) 17527
942 ## - ADDED ENTRY ELEMENTS (KOHA)
Source of classification or shelving scheme Dewey Decimal Classification
Koha item type Open Shelf
Holdings
Withdrawn status Lost status Source of classification or shelving scheme Damaged status Not for loan Home library Current library Date acquired Source of acquisition Inventory number Total Checkouts Full call number Barcode Date last seen Price effective from Koha item type
    Dewey Decimal Classification     MUST Main Library MUST Main Library 20/06/2024 Purchase 05/24446   539.754 KIL 1994 2024-20942 20/06/2024 20/06/2024 Open Shelf
    Dewey Decimal Classification     MUST Main Library MUST Main Library 20/06/2024 Purchase 05/24445   539.754 KIL 1994 2024-20943 20/06/2024 20/06/2024 Open Shelf